Normal view
MARC view
Entry Personal Name
001 - CONTROL NUMBER
- control field: 16664
003 - CONTROL NUMBER IDENTIFIER
- control field: BD-DhEWU
005 - DATE AND TIME OF LATEST TRANSACTION
- control field: 20140723161441.0
008 - FIXED-LENGTH DATA ELEMENTS
- fixed length control field: 140723|| aca||aabn | a|a d
040 ## - CATALOGING SOURCE
- Original cataloging agency: BD-DhEWU
- Transcribing agency: BD-DhEWU
100 ## - HEADING--PERSONAL NAME
- Personal name: Coyle, John Joseph,
- Dates associated with a name: 1935-
670 ## - SOURCE DATA FOUND
- Source citation: Work cat.: (BD-DhEWU)6368: Coyle, John Joseph, 1935-, The management of business logistics :, c2003.